Visualizzazione normale
Vista MARC
- Panzeri Mario
di Personal Name
Records bibliografici associati: 1
001 - CONTROL NUMBER
- control field: 6253
003 - CONTROL NUMBER IDENTIFIER
- control field: IT-RoPau
005 - DATE AND TIME OF LATEST TRANSACTION
- control field: 20131219115505.0
008 - FIXED-LENGTH DATA ELEMENTS
- fixed length control field: 131219|| aca||aabn | a|a d
040 ## - CATALOGING SOURCE
- Original cataloging agency: IT-RoPau
- Transcribing agency: IT-RoPau
100 ## - HEADING--PERSONAL NAME
- Personal name: Panzeri Mario
- Dates associated with a name: Codice autore musica SPICS: 13372
- Relator term: Autore musica
- Name of part/section of a work: Nessuno mi può giudicare - La pioggia - Tipi ti-pi-ti
670 ## - SOURCE DATA FOUND
- Source citation: Work cat.: (IT-RoPau)100088: AA.VV. 794, San Remo-Il Festival dal 1966 al 1970 (Lp Rb2)